Erich Strenger : Porsche : a graphical report /

Bibliographic Details
Main Author: Kubiak, Mats (Author)
Corporate Author: Porsche Museum (sponsoring body.)
Format: Book
Language:English
Published: Bielefeld, Germany : Delius Klasing Verlag, [2017]
Edition:First edition.
Subjects:

MARC

Tag First Indicator Second Indicator Subfields
LEADER 00000cam a2200000Mi 4500
001 in00003884721
005 20201021112404.0
008 170710t20172017gw a 000 0 eng d
020 |a 9783667110237  |q hardcover 
020 |a 3667110235  |q hardcover 
035 |a (OCoLC)ocn993467901 
040 |a YDX  |e rda  |c YDX  |d COO  |d BWK  |d TXA  |d UtOrBLW 
043 |a e-gx--- 
049 |a TXAM 
082 0 |a 741.6092  |2 23 
090 |a NC999.6.G3  |b S77 2017 
100 1 |a Kubiak, Mats,  |e author. 
245 1 0 |a Erich Strenger :  |b Porsche : a graphical report /  |c by Mats Kubiak ; [translation, Lennon.de Language Services]. 
246 1 8 |a Erich Strenger and Porsche :  |b a graphical report 
250 |a First edition. 
264 1 |a Bielefeld, Germany :  |b Delius Klasing Verlag,  |c [2017] 
264 4 |c ©2017 
300 |a 187 pages :  |b illustrations (some color) ;  |c 26 cm. 
336 |a text  |b txt  |2 rdacontent 
336 |a still image  |b sti  |2 rdacontent 
337 |a unmediated  |b n  |2 rdamedia 
338 |a volume  |b nc  |2 rdacarrier 
500 |a "Edition Porsche Museum"--Spine. 
650 0 |a Graphic artists  |z Germany  |v Pictorial works. 
710 2 |a Porsche Museum,  |e sponsoring body. 
945 |a PromptCat 
948 |a cataloged  |b h  |c 2020/10/21  |d c  |e jlanham  |f 11:23:47 am 
994 |a C0  |b TXA 
999 f f |s 54833820-e00f-3989-953a-adc4c5a1fd3e  |i c685ffab-c3e6-315f-bd1e-7b5120f93dc0  |t 0 
952 f f |p normal  |a Texas A&M University  |b College Station  |c Sterling C. Evans Library  |s Evans stk  |d Evans: Library Stacks  |t 0  |e NC999.6.G3 S77 2017  |h Library of Congress classification  |i unmediated -- volume  |m A14851542531 
998 f f |a NC999.6.G3 S77 2017  |t 0  |l Evans: Library Stacks